000 01429nam a2200397 a 4500
001 vtls000049397
003 NLI
005 20210601185715.0
008 101125r1957 ii f000 0 eng
020 _cRs.2.25
039 9 _y201011250448
_zVLOAD
040 0 _aNLI
_beng
_cVERGIS-2003
041 0 _aeng
044 _aii
082 0 4 _a312
110 1 _aMadhya Bharath (India)
_bSuperintendent of Census Commissioner
_9128040
240 1 0 _a[Census of India, 1951]
245 1 0 _aReport , Pt.1-A:
_bvol.15 Madhya Bharat&Bhopal /
_cSuperintendent of Census Commissioner, Govt of Madhya Bharat
260 _aDelhi:
_bThe Manager of Publications,
_c1957
300 _av,75 p.;
_c27 cm.
500 _aAt head of title Census of India, 1951
546 _aeng
650 0 _aDemography
_zMadhya Bharath \z India
_9128041
650 0 _aRural population
_zMadhya Bharath \z India
_9128042
650 0 _aCity dwellers
_zMadhya Bharath \z India
_9128043
651 0 _aMadhya Bharath(India)
_xCensus
_y1951
_9128232
651 0 _aMadhya Bharath(India)
_xPopulation
_xStatistics
_y1951
_9128233
887 _a
901 _aI.O.D.9937
_b06/03/58 (1951) v.15 Pt.1-A
902 _aG.P. 312 (54) In 2
906 _a1752
949 _AVIRTUAITEM
_D10000
_F1
_X100
_6IOD000009937ENG
_9v.15 pt.1-a
_aGP 312 (54) In2(1951)v15Pt1-A
_m54
942 _2ddc
_cBKS
999 _aVIRTUA
_c53285
_d53285
999 _aVTLSSORT0200*5460*9010*9020*9060*9490*9991